Основы микросхемотехники. Элементы морфологии микроэлектронной аппаратуры

Bibliographic Details
Main Author: Алексенко А. Г. Андрей Геннадьевич
Language:Russian
Published: Москва, Советское радио, 1977
Edition:2-е изд., перераб. и доп.
Subjects:
Format: Book
KOHA link:https://koha.lib.tpu.ru/cgi-bin/koha/opac-detail.pl?biblionumber=55691

MARC

LEADER 00000nam0a2200000 4500
001 55691
005 20231101211547.0
035 |a (RuTPU)RU\TPU\book\58450 
090 |a 55691 
100 |a 20030919d1977 km y0rusy50 ca 
101 0 |a rus 
102 |a RU 
105 |a a z 001zy 
200 1 |a Основы микросхемотехники. Элементы морфологии микроэлектронной аппаратуры  |f А. Г. Алексенко 
205 |a 2-е изд., перераб. и доп. 
210 |a Москва  |c Советское радио  |d 1977 
215 |a 405 с.  |c черт. 
320 |a Библиография в конце глав. 
606 |a Микросхемотехника  |2 stltpush  |3 (RuTPU)RU\TPU\subj\43763  |9 63206 
610 1 |a микроэлектроника 
610 1 |a интегральные схемы 
610 1 |a морфологические оценки 
610 1 |a логическое проектирование 
610 1 |a аналоговые системы 
675 |a 621.382.049.77  |v 3 
700 1 |a Алексенко  |b А. Г.  |g Андрей Геннадьевич 
801 1 |a RU  |b 63413507  |c 20030919  |g PSBO 
801 2 |a RU  |b 63413507  |c 20211213  |g PSBO 
942 |c BK